000 00493nam a2200145 a 4500
008 120416s1969 ||||||||||||||||| || u
050 _aHD 30 Stu
245 0 0 _aStudies in management information
260 _aLondon
_bICA
_c1969
300 _a767p. : ill.
350 _a0.00
650 _aINFORMATION MANAGEMENT
650 0 _aMANAGEMENT
995 _D0.00
_FCBU-MAIN LIBRARY (Kitwe)
_H1
_I0.00
_M1
_UAVAILABLE
_ZAnnex Low-Usage Collection
999 _c58786
_d58786